Biggest Cities in Mizoram - Statistics

General Stats
  • This quiz has been taken 26 times
    25 since last reset
  • The average score is 5 of 10
Answer Stats
Population City % Correct
293,416 Aizawl
100%
32,734 Champhai
70%
57,011 Lunglei
65%
21,158 Serchhip
55%
24,272 Kolasib
50%
25,110 Saiha
45%
20,830 Lawngtlai
35%
11,022 Khawzawl
30%
11,619 Saitual
30%
10,554 Vairengte
15%
No matching quizzes found
Score Distribution
Percent of People with Each Score
Percentile by Number Answered
Your Score History
You have not taken this quiz since the last reset